Statistiken für Städte mit Bundesliga-Mannschaften (mit Karte)

Klicken Sie hier um das Quiz zu spielen!

Allgemein

  • Dieses Quiz wurde 454 mal gespielt
  • Das Durchschnittsergebnis liegt bei 15 aus 18

Antworten auf der Karte

Die Antworten werden auf der Karte rot bzw. grün angezeigt, abhängig davon wie oft sie richtig erraten wurden.
 

Antwortstatistiken

Antwort% Korrekt
München
97%
Berlin
96%
Berlin
96%
Dortmund
95%
Bremen
94%
Köln
94%
Frankfurt
93%
Leipzig
92%
Augsburg
89%
Mainz
88%
Freiburg im Breisgau
87%
Gelsenkirchen
84%
Wolfsburg
84%
Mönchengladbach
83%
Leverkusen
80%
Düsseldorf
77%
Paderborn
62%
Sinsheim
58%

Verteilung der Resultate

Perzentil nach korrekt beantworteten Fragen

Anzahl Personen mit jedem Resultat

Ihre Resultats-Entwicklung

Sie haben dieses Quiz noch nicht gespielt